000 01239cam a22002655a 4500
001 L148728
008 091028s2009 xxk f 001 0 eng d
020 _a9781904829942
035 _a(Sirsi) u148728
041 0 _aeng
050 0 4 _a692.5 $2 18
110 2 _aBuilding Cost Information Service
_91096
245 0 0 _aWessex SMM7 estimating price book
_b2010
250 _a15th ed.
260 _aLondon
_bBCIS
_c2009
300 _a1
_fv.
_c30cm.
520 _aGuide to the current (net cost) unit prices for building work. Gives unit rates compiled from over 500 000 price elements. Includes basic material prices, plant costs, labour costs, an approximate estimating section, professional information and BCIS square metre rates. Incorporates the latest amendments to professional information, average building prices, Town and Country Planning Regulations fees for applications and deemed applications, building regulations prescribed fees and cost limits and allowances.
520 _aSupersedes 14th. ed. (ISBN 9781904829829).
521 _aAdvanced
590 _aKA
650 2 4 _aSTANDARD METHOD OF MEASUREMENT (SEVENTH EDITION)
651 4 _aUnited Kingdom
_y
690 _aBUILT ENVIRONMENT-BUILDING COSTS
942 _n0
999 _c110188
_d110188